Epic The Musical Songs By Synonyms - Statistics

General Stats
  • This quiz has been taken 2,565 times
  • The average score is 24 of 40
Answer Stats
Hint Answer % Correct
Go inside the H2O Get in the Water
85%
600 bash 600 Strike
83%
The mount and the newborn The Horse and the Infant
83%
There are additional methods There Are Other Ways
80%
Solider of the wit Warrior of the Mind
80%
Not you anymore No Longer You
79%
Recall them Remember them
79%
My own farewell My Goodbye
78%
I don’t apologize for adoring you Not Sorry For Loving You
76%
Harshness Ruthlessness
75%
Straight pace forth Full Speed Ahead
73%
Detain them low Hold Them Down
72%
Hold on to your companions near Keep Your Friends Close
72%
Beast Monster
71%
Deity entertainment God Games
70%
Ulysses Odysseus
70%
Only a fellow Just a man
69%
Will you be smitten by me once more Would You Fall in Love With Me Again
69%
Tiny canine Little Wolf
68%
Live Survive
66%
The dare The Challenge
66%
Ventriloquist Puppeteer
63%
The abyss The Underworld
63%
Hurting Suffering
62%
Whirlpool Charybdis
61%
Deep affection in heaven Love in Paradise
59%
Rebellion Mutiny
56%
Fortune depletes Luck Runs Out
55%
We will become excellent We'll Be Fine
52%
Unusual creature Different Beast
51%
Unlocked upper limbs Open Arms
51%
Rumble carrier Thunder Bringer
51%
Tempest Storm
47%
Nymph Scylla
43%
I helplessly admire I Can't Help But Wonder
36%
Threatening Dangerous
33%
Fabled Legendary
32%
May you be fond of Wouldn't You Like
27%
Ruined Done For
15%
Many voices Polyphemus
12%
No matching quizzes found
Score Distribution
Percent of People with Each Score
Percentile by Number Answered
Your Score History
You have not taken this quiz